| 000 | 00609nam a22002177a 4500 | ||
|---|---|---|---|
| 005 | 20170124110203.0 | ||
| 010 | _aA-723388 | ||
| 020 |
_a8170580986 _c00.00 |
||
| 035 | _aB-164129 | ||
| 037 | _bCen Lib/Ret | ||
| 040 |
_aDPL _bEN |
||
| 082 |
_a181.499 _bAUR |
||
| 100 |
_aAurobindo, Sri _912069 |
||
| 245 |
_aLetters on poetry literature and art / _cby Sri Aurobindo |
||
| 260 |
_aPondicherry _bSri Aurobindo ashram _c1972 |
||
| 270 | _bPondicherry | ||
| 300 |
_a271p. _c21cm(Hb) |
||
| 650 |
_aPhilosophy _936755 |
||
| 650 |
_aBiography _97490 |
||
| 942 |
_2ddc _cEN _h005.499 _mAUR |
||
| 999 |
_c133083 _d133083 |
||